000 00554nam a2200193Ia 4500
003 GCL
008 140319s9999 xx 000 0 eng d
040 _aGCL /
_cGCL
082 0 4 _a604.
_bGP
100 1 _aGIESECKE, FRESERICK E.
245 1 0 _aPrinciples Of Engineering Graphics, 2ND. ED. /
_cGIESECKE, FRESERICK E.
700 1 _aMITCHELL, ALXA
700 1 _aSPENCER, HENRY CECIL
700 1 _aHILL, IVAN LEROY
260 _a[S.N] :
_bMACMILLAN PUBLBISHING COMPANY ،
_c1994
300 _a675 P
650 0 4 _aENGINEERING GRAPHICS
942 _2ddc
_cBK
999 _c18618
_d18618